书目信息

书名: 非常样板房 中式典藏
作者: 深圳市创扬文化传播有限公司
出版信息: 武汉   华中科技大学出版社  2011.01
开本页数: 22cm  159页
丛书名:
单 册:
中图分类: TU241 TU241-64
科图分类:
主题词: 住宅--Zhu Zhai--室内装饰设计--中国--现代--图集
电子资源:
ISBN: 978-7-5609-6363-1
000 01184nam0 2200289 450
001 0112358801
005 20121030130725
010    @a978-7-5609-6363-1@dCNY29.00
100    @a20111207d2011 ekmy0chiy01 ea
101 @achi
102    @aCN@b420100
105    @aa z 000yy
106    @ar
200 @a非常样板房@AFei Chang Yang Ban Fang@d= Chinese & classical@f深圳市创扬文化传播有限公司编@i中式典藏@zeng
205    @a第2版
210    @a武汉@c华中科技大学出版社@d2011.01
215    @a159页@c图, 照片@d22cm
330    @a中式风格的家居设计一直是很多的人最爱。瓷器、陶艺、中式字画、布艺等代表中式元素的装饰品在本书中得到充分展现,古色古香的设计风格显示主人不凡的文化品味。本书精选的41个中式典藏的风格设计会让您的家成为心灵休憩的港湾。
333    @a室内设计师、建筑装饰行业人员及相关读者。
510 @aChinese & classical@zeng
517 @a中式典藏@AZhong Shi Dian Zang
606 @a住宅@AZhu Zhai@x室内装饰设计@y中国@z现代@j图集
690    @aTU241@v4
690    @aTU241-64@v4
711 02 @a深圳市创扬文化传播有限公司@AShen Zhen Shi Chuang Yang Wen Hua Chuan zhuan Bo You Xian Gong Si@4编
801  0 @aCN@bCDNYKJZYXY@c20121025
905    @aCDNYKJZYXY@dTU241@e495@f3
    
    非常样板房= Chinese & classical/深圳市创扬文化传播有限公司编.中式典藏.-第2版.-武汉:华中科技大学出版社,2011.01
    159页:图, 照片;22cm
    使用对象:室内设计师、建筑装饰行业人员及相关读者。
    
    ISBN 978-7-5609-6363-1:CNY29.00
    中式风格的家居设计一直是很多的人最爱。瓷器、陶艺、中式字画、布艺等代表中式元素的装饰品在本书中得到充分展现,古色古香的设计风格显示主人不凡的文化品味。本书精选的41个中式典藏的风格设计会让您的家成为心灵休憩的港湾。
相关链接 在五车中查询图书 在当当中查询图书 在豆瓣中查询图书


正题名:非常样板房     索取号:TU241/495         预约/预借

序号 登录号 条形码 馆藏地/架位号 状态 备注
1 448179   300448179   柳城-5楼/38架4列3层/ [索取号:TU241/495] 在馆    
2 448180   300448180   柳城-5楼/38架4列3层/ [索取号:TU241/495] 在馆    
3 448181   300448181   柳城-5楼/38架4列3层/ [索取号:TU241/495] 在馆